Biología 2 / (Registro nro. 7965)

Detalles MARC
000 -LIDER
fixed length control field 00687nam a2200217 u 4500
001 - NÚMERO DE CONTROL
Identificador de número de control 000020263
003 - IDENTIFICACDOR DE NÚMERO DE CONTROL
control field DO-SdBNP
005 - DATE AND TIME OF LATEST TRANSACTION
control field 20150715110647.0
008 - ELEMENTOS DE LONGITUD FIJA
fixed length control field 100802s2002 dr a r 000 0 spa d
040 ## - FUENTE DE CATALOGACIÓN
Agencia que crea de manera original el registro BPJMB
Idioma de catalogación spa
Agencia que realiza la transcripción BPJMB
092 ## - LOCALLY ASSIGNED DEWEY DECIMAL CALL NUMBER
Número de clasificación 372.8
Número de ítem (Cutter) A325b
100 1# - ASIENTO PRINCIPAL -- NOMBRE PERSONAL
Nombre personal Albaine Pons, José R.
245 10 - MENCIÓN DE TITULO
Título Biología 2 /
Mención de responsabilidad José R. Albaine Pons.
260 ## - PUBLICACIÓN, DISTRIBUCIÓN, ETC. (PIE DE IMPRENTA)
Lugar de publicación, distribución, etc Santo Domingo :
Nombre del editor, distribuidor, etc. Secretaría de Estado de Educación
Impresor Corripio
300 ## - DESCRIPCIÓN FÍSICA
Extensión 144 p. :
Otros detalles físicos il. ;
Dimensiones 28 cm.
500 ## - NOTA GENERAL
Nota general Primer ciclo nivel medio
650 #4 - ENCABEZAMIENTO DE MATERIA--TEMÁTICO
Término temático o nombre geográfico como elemento de entrada BIOLOGÍA
Subdivisión temática general ENSEÑANZA MEDIA
Subdivisión geográfica REPÚBLICA DOMINICANA
942 ## - ADDED ENTRY ELEMENTS (KOHA)
Source of classification or shelving scheme Dewey Decimal Classification
Koha item type Libros
956 ## - LOCAL ELECTRONIC LOCATION AND ACCESS (OCLC)
Nombre de host MMOLINA
Número de acceso 10
Información de compresión 20100802
Inicio de sesión BND02
Procesador de solicitud 1111
956 ## - LOCAL ELECTRONIC LOCATION AND ACCESS (OCLC)
Nombre de host MMOLINA
Número de acceso 45
Información de compresión 20100802
Inicio de sesión BND02
Procesador de solicitud 1115

No hay ítems disponibles.